000 00513nam a2200229Ia 4500
003 IT-RoPAU
008 120407s9999 xx 000 0 und d
040 _aIT-RoPAU
040 _cIT-RoPAU
041 _aeng
100 _aRichard Cushing
100 _ccard.
245 _aThoughts and Reflections for Lent.
250 _aBoston
260 _aDaughters of St. Paul
260 _c1963
300 _a157 p.
300 _c19 cm
490 _a 1. Quaresima . Meditazioni.
942 _cBK
999 _c26367
_d26367